[Event "Southend Easter op 64th"]
[Site "Southend-on-Sea"]
[Date "2022.04.16"]
[Round "4.18"]
[White "Hobson, Kenneth"]
[Black "Brixel, Christof"]
[Result "1-0"]
[WhiteElo "1674"]
[BlackElo "1974"]
[PlyCount "75"]
[EventDate "2022.04.15"]
[EventType "swiss"]
[EventRounds "7"]
[EventCountry "ENG"]

1. e4 c6 2. d4 d5 3. exd5 cxd5 4. Bd3 g6 5. Nf3 Bg7 6. O-O Nc6 7. Bf4 Bg4 8. c3
Qd7 9. Na3 Nf6 10. Nc2 Bf5 11. Bb5 Nh5 12. Bg5 Bxc2 13. Qxc2 O-O 14. Rfe1 e6
15. a4 a6 16. Bd3 Rac8 17. Qd2 Na5 18. Qe2 Nc4 19. Ne5 Qc7 20. g4 Nf6 21. Bf4
Nxe5 22. Bxe5 Qd7 23. h4 Ne8 24. Kg2 f6 25. Bg3 e5 26. dxe5 fxe5 27. f3 e4 28.
fxe4 d4 29. c4 Nf6 30. e5 Qc6+ 31. Kh2 Nd7 32. Be4 Qc5 33. Bxb7 d3 34. Qxd3
Nxe5 35. Qd5+ Kh8 36. Rxe5 Rf2+ 37. Kh3 Qxd5 38. Rxd5 1-0

[Event "Southend Easter op 64th"]
[Site "Southend-on-Sea"]
[Date "2022.04.16"]
[Round "4.19"]
[White "Pert, Max"]
[Black "Kafetzopoulos, Anastasios"]
[Result "0-1"]
[WhiteElo "1556"]
[BlackElo "1934"]
[PlyCount "78"]
[EventDate "2022.04.15"]
[EventType "swiss"]
[EventRounds "7"]
[EventCountry "ENG"]

1. d4 Nf6 2. Bg5 Ne4 3. Bf4 c5 4. f3 Qa5+ 5. c3 Nf6 6. d5 Qb6 7. e4 e6 8. c4
exd5 9. cxd5 d6 10. Nc3 Nbd7 11. Bb5 a6 12. Qa4 Rb8 13. Bxd7+ Bxd7 14. Qc2 g6
15. Nge2 Bg7 16. O-O O-O 17. Kh1 Rfe8 18. Rae1 Qc7 19. Nd1 Nh5 20. Be3 Qa5 21.
b3 b5 22. Nf4 Nf6 23. Nf2 Rbc8 24. Rb1 h6 25. Bd2 Qb6 26. Be3 g5 27. N4d3 Nxd5
28. Bd2 Nf6 29. Bc3 c4 30. bxc4 Rxc4 31. Qb2 Rxc3 32. Qxc3 Nxe4 33. Qa3 Nd2 34.
Ne4 Nxf1 35. Rxf1 Bf5 36. Ndf2 d5 37. Ng3 Bg6 38. Qb3 Qc5 39. Nh3 Bc2 0-1

[Event "Southend Easter op 64th"]
[Site "Southend-on-Sea"]
[Date "2022.04.16"]
[Round "4.20"]
[White "Mueller, Jens"]
[Black "Badacsonyi, Stanley"]
[Result "0-1"]
[WhiteElo "1914"]
[BlackElo "1476"]
[PlyCount "120"]
[EventDate "2022.04.15"]
[EventType "swiss"]
[EventRounds "7"]
[EventCountry "ENG"]

1. d4 Nf6 2. Bf4 g6 3. Nc3 d5 4. e3 Bg7 5. h4 h5 6. Nf3 O-O 7. Be2 c5 8. Qd2
Nc6 9. O-O-O Qa5 10. Kb1 c4 11. Ne5 Qb6 12. f3 Rd8 13. Rdg1 e6 14. g4 Kf8 15.
Bg5 Rd6 16. Bxf6 Bxf6 17. f4 hxg4 18. Bxg4 Bd7 19. h5 g5 20. h6 gxf4 21. exf4
Qxd4 22. Nxd7+ Rxd7 23. Qg2 Ke7 24. h7 Rh8 25. Bh5 Rxh7 26. Qg8 Rxh5 27. Rxh5
Qxf4 28. Rhh1 Bxc3 29. bxc3 Rd8 30. Qg2 Qe5 31. Qf3 Rf8 32. Re1 Qd6 33. Rh7 b5
34. Rf1 Nd8 35. Qf6+ Kd7 36. Ka1 a5 37. Qd4 Ke8 38. Rb1 b4 39. Rh8 Rxh8 40.
Qxh8+ Kd7 41. Rg1 Qf4 42. cxb4 axb4 43. Qb2 Nc6 44. Kb1 Qd4 45. Qc1 Qc3 46. Qf1
Ke7 47. Qf4 Qe5 48. Qh4+ Kd6 49. Re1 Qc3 50. Qf4+ Kc5 51. Rc1 f6 52. Qc7 Qe5
53. Qf7 f5 54. Qf8+ Qd6 55. Qf6 f4 56. Re1 e5 57. Qf7 e4 58. Rg1 e3 59. Rg6 Qe5
60. Qb7 Kd4 0-1

[Event "Southend Easter op 64th"]
[Site "Southend-on-Sea"]
[Date "2022.04.16"]
[Round "4.21"]
[White "Williamson, Kevin J"]
[Black "Pandit, Kabir"]
[Result "1/2-1/2"]
[WhiteElo "1878"]
[BlackElo "1826"]
[PlyCount "75"]
[EventDate "2022.04.15"]
[EventType "swiss"]
[EventRounds "7"]
[EventCountry "ENG"]

1. d4 Nf6 2. Nc3 d5 3. Bg5 h6 4. Bxf6 exf6 5. e3 c6 6. Bd3 f5 7. Qf3 g6 8. Nge2
Bd6 9. O-O-O Na6 10. h4 Nb4 11. Nf4 Qe7 12. Be2 Bd7 13. a3 Na6 14. Bxa6 bxa6
15. Nfxd5 cxd5 16. Nxd5 Qe6 17. Nc7+ Bxc7 18. Qxa8+ Bc8 19. d5 Qd7 20. Qxa7 Qd6
21. Qd4 O-O 22. g3 Kh7 23. Qb4 Qxb4 24. axb4 Bd6 25. c3 Bd7 26. b3 Kg7 27. Kb2
Rb8 28. Ra1 Bc8 29. Rhd1 Kf8 30. f4 Ke8 31. Rd4 Kd7 32. e4 fxe4 33. Rxe4 h5 34.
Rae1 Rb5 35. Rd4 Bb7 36. Ra1 Bc8 37. Ra5 Rb8 38. Ra1 1/2-1/2

[Event "Southend Easter op 64th"]
[Site "Southend-on-Sea"]
[Date "2022.04.16"]
[Round "4.22"]
[White "Chan, Ngo Yu"]
[Black "Foster, Timothy"]
[Result "0-1"]
[WhiteElo "1525"]
[BlackElo "1872"]
[PlyCount "44"]
[EventDate "2022.04.15"]
[EventType "swiss"]
[EventRounds "7"]
[EventCountry "ENG"]

1. e4 c5 2. Nf3 d6 3. d4 cxd4 4. Nxd4 Nf6 5. Nc3 g6 6. Be3 Bg7 7. f3 Nc6 8. Qd2
O-O 9. O-O-O d5 10. Nxc6 bxc6 11. exd5 cxd5 12. Nxd5 Nxd5 13. Qxd5 Qc7 14. Qc5
Qb7 15. Bd4 Bf5 16. Qa3 Rac8 17. c3 Bh6+ 18. Rd2 Qd5 19. Kd1 Bxd2 20. Kxd2 e5
21. Qxa7 exd4 22. Qxd4 Qxa2 0-1

[Event "Southend Easter op 64th"]
[Site "Southend-on-Sea"]
[Date "2022.04.16"]
[Round "4.23"]
[White "Tapp, James"]
[Black "Myall, Ivan J"]
[Result "1-0"]
[WhiteElo "1882"]
[BlackElo "2028"]
[PlyCount "71"]
[EventDate "2022.04.15"]
[EventType "swiss"]
[EventRounds "7"]
[EventCountry "ENG"]

1. d4 Nf6 2. Nc3 d5 3. Bf4 c5 4. e3 cxd4 5. exd4 Nc6 6. Nb5 Qa5+ 7. c3 e5 8.
dxe5 a6 9. exf6 axb5 10. Qxd5 b4 11. Qxa5 Rxa5 12. Bd3 Be6 13. c4 b3 14. a3
Bb4+ 15. Kf1 gxf6 16. Nf3 O-O 17. Ke2 Be7 18. Rac1 Ne5 19. Bxe5 fxe5 20. Nd2 f5
21. Nxb3 Ra4 22. f3 e4 23. fxe4 fxe4 24. Bxe4 Rxc4 25. Nd2 Rd4 26. Ke3 Rfd8 27.
Nf3 R4d7 28. Ke2 Bf6 29. Rhd1 Bxb2 30. Rxd7 Rxd7 31. Rb1 Bc4+ 32. Ke3 Bxa3 33.
Ne5 Bc5+ 34. Kf3 Rd4 35. Nxc4 Rxc4 36. Bd5+ 1-0

[Event "Southend Easter op 64th"]
[Site "Southend-on-Sea"]
[Date "2022.04.16"]
[Round "4.24"]
[White "Staples, Maurice J"]
[Black "Lim, Mark"]
[Result "1/2-1/2"]
[WhiteElo "1986"]
[BlackElo "1796"]
[PlyCount "89"]
[EventDate "2022.04.15"]
[EventType "swiss"]
[EventRounds "7"]
[EventCountry "ENG"]

1. e4 e6 2. Nc3 d5 3. Nf3 Nf6 4. e5 Nfd7 5. d4 c5 6. dxc5 Nc6 7. Bf4 a6 8. Bd3
Bxc5 9. O-O f6 10. exf6 Nxf6 11. Bg3 O-O 12. Ne5 Bd6 13. Qe2 Nb4 14. Rae1 Nxd3
15. cxd3 Re8 16. d4 b5 17. Rc1 Bb7 18. Nf3 Bxg3 19. hxg3 Rc8 20. Qe3 Qa5 21. a3
b4 22. Na2 bxa3 23. Qxa3 Qxa3 24. bxa3 Ne4 25. Ne5 a5 26. Rxc8 Rxc8 27. Rc1 Nd6
28. Rxc8+ Bxc8 29. Nc3 Bb7 30. g4 Kf8 31. f3 Ke7 32. Kf2 Kd8 33. Ke3 Kc7 34.
Na4 Nb5 35. Nc5 Bc8 36. a4 Nd6 37. f4 Kb6 38. Nf3 Nb7 39. Nxb7 Kxb7 40. Ne5 Kc7
41. Nd3 Kd6 42. Nc5 Ke7 43. Kf3 h6 44. Ke3 Kd6 45. g3 1/2-1/2

[Event "Southend Easter op 64th"]
[Site "Southend-on-Sea"]
[Date "2022.04.16"]
[Round "4.25"]
[White "Staniland, Philip"]
[Black "Dias, Ruwan"]
[Result "1/2-1/2"]
[WhiteElo "1902"]
[BlackElo "1518"]
[PlyCount "104"]
[EventDate "2022.04.15"]
[EventType "swiss"]
[EventRounds "7"]
[EventCountry "ENG"]

1. d4 d5 2. Bf4 Nf6 3. e3 Bf5 4. c4 e6 5. Nc3 Bd6 6. Bg3 O-O 7. Nf3 c6 8. Ne5
c5 9. Be2 cxd4 10. exd4 Nc6 11. Nxc6 bxc6 12. O-O Ne4 13. Nxe4 Bxe4 14. Bxd6
Qxd6 15. c5 Qc7 16. f3 Bg6 17. Bd3 Rab8 18. Rf2 Rfe8 19. Bxg6 hxg6 20. f4 Rb7
21. Rc1 Reb8 22. b3 Qe7 23. Qe2 Qf6 24. Qe5 Qxe5 25. fxe5 Rf8 26. Rcf1 Rb4 27.
Rf4 a5 28. R1f3 g5 29. Rg4 a4 30. bxa4 Rxa4 31. Rb3 Rxa2 32. Rb6 Ra1+ 33. Kf2
Rfa8 34. Rxg5 R1a6 35. Rg3 Ra2+ 36. Ke3 R8a6 37. Rb8+ Kh7 38. Rh3+ Kg6 39. Rg3+
Kh7 40. Kf4 Rf2+ 41. Kg5 Rf5+ 42. Kg4 Ra4 43. Rd3 Kg6 44. h4 Rf2 45. g3 f5+ 46.
exf6 gxf6 47. h5+ Kh6 48. Kh3 Raa2 49. Re8 Kxh5 50. g4+ Kg5 51. Kg3 Rg2+ 52.
Kf3 Raf2+ 1/2-1/2

[Event "Southend Easter op 64th"]
[Site "Southend-on-Sea"]
[Date "2022.04.16"]
[Round "4.26"]
[White "Ingham, H William"]
[Black "Badacsonyi, Frankie"]
[Result "0-1"]
[WhiteElo "1871"]
[BlackElo "1710"]
[PlyCount "84"]
[EventDate "2022.04.15"]
[EventType "swiss"]
[EventRounds "7"]
[EventCountry "ENG"]

1. d4 d5 2. e3 Nf6 3. Nf3 e6 4. Bd3 Bd6 5. O-O O-O 6. Nbd2 b6 7. e4 dxe4 8.
Nxe4 Bb7 9. Nxd6 Qxd6 10. Re1 Nbd7 11. c3 Rad8 12. Bg5 c5 13. Bb5 Bc6 14. Bxc6
Qxc6 15. Qe2 Rc8 16. Rad1 Rfe8 17. dxc5 Qxc5 18. Be3 Qc4 19. Qxc4 Rxc4 20. Rd4
Rxd4 21. Bxd4 Nd5 22. g3 Rc8 23. Kf1 Rc6 24. Nd2 f6 25. f4 Kf7 26. Nf3 Rc8 27.
Bf2 a6 28. Rd1 g6 29. Nd4 b5 30. f5 gxf5 31. Nxf5 Rc6 32. Nd4 Rc7 33. a3 N7b6
34. Re1 e5 35. Nf5 Nc4 36. Re2 Ke6 37. Ne3 Ndxe3+ 38. Bxe3 Rd7 39. Ke1 Rd3 40.
Bc1 f5 41. b3 Rxc3 42. Bb2 Rxb3 0-1

[Event "Southend Easter op 64th"]
[Site "Southend-on-Sea"]
[Date "2022.04.16"]
[Round "4.27"]
[White "Freeman, Ashley"]
[Black "Verma, Shlok"]
[Result "1/2-1/2"]
[WhiteElo "1988"]
[BlackElo "1831"]
[PlyCount "109"]
[EventDate "2022.04.15"]
[EventType "swiss"]
[EventRounds "7"]
[EventCountry "ENG"]

1. e4 e6 2. d4 d5 3. Nc3 Nf6 4. Bg5 Bb4 5. e5 h6 6. Bd2 Bxc3 7. bxc3 Ne4 8. Qg4
g6 9. Bd3 Nxd2 10. Kxd2 c5 11. h4 h5 12. Qf4 Bd7 13. Rb1 Qc7 14. Qf6 Rf8 15.
Nf3 Nc6 16. Rb2 cxd4 17. cxd4 Rc8 18. Qf4 Nb4 19. Rhb1 a5 20. Qe3 Ba4 21. Ne1
Qc3+ 22. Ke2 Rc6 23. Rb3 Bxb3 24. Rxb3 Qa1 25. Bb5 Qxe1+ 26. Kxe1 Nxc2+ 27. Ke2
Nxe3 28. Bxc6+ bxc6 29. Rb8+ Ke7 30. Rb7+ Kd8 31. Rb8+ Ke7 32. Rb7+ Kd8 33.
Kxe3 Kc8 34. Ra7 Kb8 35. Re7 Rc8 36. Rxf7 c5 37. dxc5 Rxc5 38. Re7 Rc6 39. Kd3
Kc8 40. Rg7 Rc4 41. g3 Ra4 42. Rxg6 Kd7 43. Rg7+ Kc6 44. Re7 Rxa2 45. Rxe6+ Kc5
46. Ra6 Rxf2 47. Rxa5+ Kc6 48. Ke3 Rf1 49. Ra6+ Kc5 50. Ke2 Rf5 51. e6 Kb5 52.
Rd6 Kc5 53. Ra6 Kb5 54. Rd6 Kc5 55. Ra6 1/2-1/2

[Event "Southend Easter op 64th"]
[Site "Southend-on-Sea"]
[Date "2022.04.16"]
[Round "4.28"]
[White "Kesterson, Kennan"]
[Black "Davis-Loades, Alex"]
[Result "1-0"]
[WhiteElo "1829"]
[BlackElo "1837"]
[PlyCount "89"]
[EventDate "2022.04.15"]
[EventType "swiss"]
[EventRounds "7"]
[EventCountry "ENG"]

1. e4 e5 2. Nf3 Nc6 3. Bc4 Bc5 4. c3 Nf6 5. d3 d6 6. Nbd2 O-O 7. Bb3 h6 8. h3
a6 9. Nf1 Be6 10. Ng3 d5 11. Qe2 dxe4 12. dxe4 Bxb3 13. axb3 Qe7 14. O-O Qe6
15. b4 Bb6 16. Nf5 Ne7 17. N3h4 Kh7 18. Be3 Bxe3 19. Qxe3 Nfg8 20. Qc5 Nxf5 21.
Nxf5 Rac8 22. Rfd1 g6 23. Ne3 Nf6 24. f3 Nh5 25. Rd2 Nf4 26. Rad1 b6 27. Qc4
Qxc4 28. Nxc4 Rfe8 29. Ne3 c5 30. Rd7 Kg7 31. bxc5 Rxc5 32. Rb7 Rb5 33. Rdd7
Rxb2 34. Rxf7+ Kg8 35. Ng4 Rxg2+ 36. Kf1 Rxg4 37. hxg4 h5 38. gxh5 gxh5 39.
Rg7+ Kh8 40. Rge7 Rd8 41. Rxe5 Rd1+ 42. Kf2 Nd3+ 43. Ke2 Nxe5 44. Kxd1 Nxf3 45.
Rxb6 1-0

[Event "Southend Easter op 64th"]
[Site "Southend-on-Sea"]
[Date "2022.04.16"]
[Round "4.29"]
[White "Volovich, Julia"]
[Black "Edipoglu, Berk"]
[Result "0-1"]
[WhiteElo "1802"]
[BlackElo "1502"]
[PlyCount "60"]
[EventDate "2022.04.15"]
[EventType "swiss"]
[EventRounds "7"]
[EventCountry "ENG"]

1. d4 Nf6 2. c4 Nc6 3. Nf3 e6 4. a3 a5 5. Nc3 d6 6. e4 Be7 7. Be2 O-O 8. O-O e5
9. d5 Nb8 10. h3 b6 11. Be3 Nfd7 12. b4 Na6 13. Rb1 f5 14. exf5 Rxf5 15. Qd3
Rf8 16. Bd1 Nf6 17. Qe2 Qe8 18. Ba4 Qh5 19. Bc6 Rb8 20. c5 axb4 21. axb4 dxc5
22. bxc5 Nxc5 23. Nb5 Bf5 24. Rbd1 Bd6 25. Bxc5 bxc5 26. Rfe1 e4 27. Nd2 Bg4
28. f3 Qe5 29. hxg4 Qh2+ 30. Kf1 Qh1+ 0-1

[Event "Southend Easter op 64th"]
[Site "Southend-on-Sea"]
[Date "2022.04.16"]
[Round "4.30"]
[White "Rebonato Scott, Sebastiano"]
[Black "Bird, Joel"]
[Result "0-1"]
[WhiteElo "1518"]
[BlackElo "2009"]
[PlyCount "96"]
[EventDate "2022.04.15"]
[EventType "swiss"]
[EventRounds "7"]
[EventCountry "ENG"]

1. e4 e5 2. Nf3 Nc6 3. Bc4 Nf6 4. d3 Bc5 5. c3 d6 6. O-O a6 7. h3 Na5 8. Nbd2
Nxc4 9. Nxc4 O-O 10. Re1 h6 11. Be3 Bxe3 12. Nxe3 Re8 13. Qc2 c6 14. Nf1 Nh5
15. d4 Qf6 16. Qd1 Nf4 17. Ng3 Kh8 18. Nh2 Qg6 19. Qf3 Be6 20. Ne2 Nxh3+ 21.
Kh1 Ng5 22. Qg3 Nxe4 23. Qxg6 fxg6 24. Kg1 Nf6 25. dxe5 dxe5 26. Ng3 Bd5 27. b3
c5 28. Nhf1 Bc6 29. Re2 Re7 30. Rae1 Rae8 31. Nd2 Bd5 32. c4 Bc6 33. Nde4 Nxe4
34. Nxe4 Bxe4 35. Rxe4 g5 36. g3 Kg8 37. f4 gxf4 38. gxf4 Kf7 39. fxe5 Ke6 40.
Rf1 Rf7 41. Rfe1 Rd8 42. R1e2 Rd1+ 43. Kg2 Rf5 44. Rg4 g5 45. Rg3 Rxe5 46. Rf2
Ree1 47. Rh3 Rg1+ 48. Kf3 Rd3+ 0-1

[Event "Southend Easter op 64th"]
[Site "Southend-on-Sea"]
[Date "2022.04.16"]
[Round "4.31"]
[White "Latypova, Olga L"]
[Black "Barker, Edward (Eddy)"]
[Result "1-0"]
[WhiteElo "1451"]
[BlackElo "1885"]
[PlyCount "43"]
[EventDate "2022.04.15"]
[EventType "swiss"]
[EventRounds "7"]
[EventCountry "ENG"]

1. e4 d6 2. d4 Nf6 3. Nc3 Nbd7 4. g3 e5 5. Nge2 c6 6. a4 Be7 7. Bg2 Qc7 8. h3
Nf8 9. Be3 Ng6 10. O-O Bd7 11. f4 O-O-O 12. d5 exf4 13. Nxf4 Kb8 14. dxc6 bxc6
15. b4 Be6 16. b5 c5 17. a5 Ne5 18. b6 Qc6 19. Nxe6 fxe6 20. Qe2 Rd7 21. Rfb1
Rb7 22. Qa6 1-0

[Event "Southend Easter op 64th"]
[Site "Southend-on-Sea"]
[Date "2022.04.16"]
[Round "4.32"]
[White "Ball, Charlie"]
[Black "Steiners, Emils"]
[Result "1/2-1/2"]
[WhiteElo "1272"]
[BlackElo "1731"]
[PlyCount "50"]
[EventDate "2022.04.15"]
[EventType "swiss"]
[EventRounds "7"]
[EventCountry "ENG"]

1. e4 c5 2. d4 cxd4 3. c3 dxc3 4. Nxc3 e6 5. Nf3 Nc6 6. Bc4 Nge7 7. O-O a6 8.
Qe2 g6 9. Bf4 Bg7 10. Rfd1 O-O 11. Rac1 b5 12. Bb3 Qb6 13. Qd2 Rd8 14. Bh6 Bh8
15. Be3 Qb8 16. Ne2 d6 17. Ned4 Ne5 18. Bg5 Nxf3+ 19. gxf3 Bxd4 20. Qxd4 Rd7
21. Bxe7 Rxe7 22. Qxd6 Qxd6 23. Rxd6 Bb7 24. Kg2 Kf8 25. a4 bxa4 1/2-1/2

[Event "Southend Easter op 64th"]
[Site "Southend-on-Sea"]
[Date "2022.04.16"]
[Round "4.33"]
[White "Valentine, Tim"]
[Black "Ghose, Rahul"]
[Result "0-1"]
[WhiteElo "1591"]
[BlackElo "1840"]
[PlyCount "66"]
[EventDate "2022.04.15"]
[EventType "swiss"]
[EventRounds "7"]
[EventCountry "ENG"]

1. c4 Nf6 2. g3 c6 3. d4 d5 4. Bg2 e6 5. Nf3 Be7 6. O-O O-O 7. b3 Nbd7 8. Bb2
b6 9. Nbd2 Bb7 10. Qc2 c5 11. Rad1 Qc7 12. Ne5 cxd4 13. Nxd7 Qxd7 14. Bxd4 Qc7
15. Qb2 dxc4 16. Be5 Qc8 17. Bxb7 Qxb7 18. Nxc4 Rfd8 19. Ne3 Ne8 20. Ng4 Rac8
21. Qb1 h5 22. Ne3 h4 23. h3 f6 24. Bb2 Bc5 25. Bc1 hxg3 26. fxg3 Nd6 27. Kh2
Ne4 28. Ng4 Rxd1 29. Rxd1 f5 30. Ne5 Nc3 31. Qd3 Nxd1 32. Bg5 Nf2 33. Qc4 Qh1#
0-1

[Event "Southend Easter op 64th"]
[Site "Southend-on-Sea"]
[Date "2022.04.17"]
[Round "5.1"]
[White "Villiers, Thomas"]
[Black "Maycock Bates, David Henry"]
[Result "0-1"]
[WhiteElo "2219"]
[BlackElo "2183"]
[PlyCount "108"]
[EventDate "2022.04.15"]
[EventType "swiss"]
[EventRounds "7"]
[EventCountry "ENG"]

1. c4 e6 2. Nf3 d5 3. g3 Nf6 4. Bg2 Be7 5. O-O O-O 6. d4 dxc4 7. Na3 c6 8. Nxc4
b5 9. Nce5 Qb6 10. Qc2 Bb7 11. Bg5 h6 12. Bh4 g5 13. Nxg5 hxg5 14. Bxg5 Kg7 15.
Bxf6+ Bxf6 16. Qe4 Rd8 17. Rad1 Nd7 18. Nxc6 Bxc6 19. Qxc6 Rac8 20. Qe4 b4 21.
d5 Ne5 22. dxe6 Rc4 23. Qb1 Qxe6 24. Rxd8 Bxd8 25. Qd1 Bb6 26. Bd5 Qh3 27. Bg2
Qd7 28. Qb3 Qd2 29. e3 Qc2 30. h3 Nd3 31. Qxc2 Rxc2 32. Be4 Rd2 33. Bxd3 Rxd3
34. Re1 Rd2 35. Kf1 Rxb2 36. Re2 Rb1+ 37. Re1 Rb2 38. Re2 Rb1+ 39. Re1 Rxe1+
40. Kxe1 Kf6 41. Kd2 a5 42. Kd3 a4 43. h4 Kf5 44. h5 Kg5 45. g4 Kxg4 46. Kc4 b3
47. axb3 a3 48. Kc3 Kxh5 49. b4 Kg4 50. Kb3 Kf3 51. Kxa3 f5 52. Ka4 Kxf2 53.
Kb5 Bxe3 54. Kc4 Ke2 0-1

[Event "Southend Easter op 64th"]
[Site "Southend-on-Sea"]
[Date "2022.04.17"]
[Round "5.2"]
[White "Schwartz, Julius"]
[Black "Nilsson, Joakim 2000"]
[Result "0-1"]
[WhiteElo "2118"]
[BlackElo "2175"]
[PlyCount "93"]
[EventDate "2022.04.15"]
[EventType "swiss"]
[EventRounds "7"]
[EventCountry "ENG"]

1. e4 c5 2. Nf3 d6 3. d4 cxd4 4. Nxd4 Nf6 5. Nc3 a6 6. f3 e5 7. Nb3 Be6 8. Be3
Be7 9. Qd2 O-O 10. O-O-O Nbd7 11. g4 b5 12. g5 Nh5 13. Rg1 Nb6 14. Nd5 Bxd5 15.
exd5 f5 16. g6 h6 17. Na5 f4 18. Bf2 Bh4 19. Bxh4 Qxh4 20. Nc6 Rae8 21. Rg4 Qf6
22. Qf2 Na4 23. c3 Nc5 24. Bd3 Nxd3+ 25. Rxd3 Qf5 26. Rd1 e4 27. Rg2 e3 28. Qc2
Qh3 29. Nd4 Nf6 30. Re2 Nd7 31. Ree1 Re5 32. Qe2 Rxd5 33. Nc6 Rxd1+ 34. Rxd1
Qe6 35. Rd4 Ne5 36. Re4 Qxa2 37. Nxe5 dxe5 38. Qd3 Qe6 39. Rb4 Qc6 40. Qe4 Qd6
41. Qc2 Rd8 42. Re4 Qd5 43. c4 bxc4 44. Kb1 Qd1+ 45. Qc1 c3 46. Qxd1 Rxd1+ 47.
Kc2 0-1

[Event "Southend Easter op 64th"]
[Site "Southend-on-Sea"]
[Date "2022.04.17"]
[Round "5.3"]
[White "Grieve, Harry"]
[Black "Burnett, Andrew"]
[Result "1/2-1/2"]
[WhiteElo "2387"]
[BlackElo "2163"]
[PlyCount "106"]
[EventDate "2022.04.15"]
[EventType "swiss"]
[EventRounds "7"]
[EventCountry "ENG"]

1. e4 c5 2. Nf3 d6 3. d4 cxd4 4. Nxd4 Nf6 5. Nc3 Nc6 6. f3 g6 7. Be3 Bg7 8. Qd2
O-O 9. O-O-O Nxd4 10. Bxd4 Qa5 11. Kb1 e5 12. Be3 Be6 13. a3 Rfd8 14. g4 Rac8
15. g5 Nh5 16. Nb5 Qxd2 17. Rxd2 d5 18. Nxa7 Ra8 19. Nb5 d4 20. Bf2 Rac8 21. c3
dxc3 22. Rxd8+ Rxd8 23. Nxc3 Bf8 24. Kc2 Be7 25. h4 f6 26. gxf6 Bxf6 27. Bh3
Bxh3 28. Rxh3 Nf4 29. Rh2 Kg7 30. Be3 Ne6 31. Nd5 Rf8 32. a4 Bd8 33. Rh3 h5 34.
b4 g5 35. hxg5 Kg6 36. Nf6 Nxg5 37. Bxg5 Bxf6 38. Be3 h4 39. a5 Kf7 40. Kb3 Ke6
41. Kc4 Rh8 42. Bc5 Bd8 43. Kb5 Kd7 44. Bf2 Rh6 45. Rh1 Bg5 46. Rd1+ Rd6 47.
Rxd6+ Kxd6 48. Bxh4 Bxh4 49. Kb6 Be1 50. Kxb7 Bxb4 51. a6 Bc5 52. a7 Bxa7 53.
Kxa7 Kc7 1/2-1/2

[Event "Southend Easter op 64th"]
[Site "Southend-on-Sea"]
[Date "2022.04.17"]
[Round "5.4"]
[White "Bates, Richard A"]
[Black "Spence, David J"]
[Result "1-0"]
[WhiteElo "2356"]
[BlackElo "2146"]
[PlyCount "117"]
[EventDate "2022.04.15"]
[EventType "swiss"]
[EventRounds "7"]
[EventCountry "ENG"]

1. d4 e6 2. Nf3 Nf6 3. c4 b6 4. g3 Ba6 5. b3 Bb7 6. Bg2 Bb4+ 7. Bd2 a5 8. O-O
O-O 9. Nc3 d6 10. Qc2 Nbd7 11. Rad1 Qb8 12. d5 Bxc3 13. Bxc3 exd5 14. cxd5 Bxd5
15. Rxd5 Nxd5 16. Ng5 N5f6 17. Bc6 h6 18. Bxd7 hxg5 19. Bc6 Qd8 20. Bxa8 Qxa8
21. Bxf6 gxf6 22. Qxc7 Qd5 23. Qc2 Re8 24. Rd1 Qe6 25. e3 Rc8 26. Qd3 Kg7 27.
Qxd6 Qh3 28. Qxb6 Rh8 29. Qc6 Qxh2+ 30. Kf1 Qh3+ 31. Ke2 Rc8 32. Qe4 Qh5+ 33.
g4 Qh2 34. Rh1 Rc2+ 35. Qxc2 Qxh1 36. Qc5 Qg2 37. Qc4 Qg1 38. b4 axb4 39. Qxb4
Qc1 40. a4 Qc2+ 41. Kf1 Qd1+ 42. Kg2 Qd5+ 43. Kg3 Qe5+ 44. Kf3 Qd5+ 45. Ke2
Qa2+ 46. Kf1 Qa1+ 47. Kg2 Qd1 48. a5 Qd5+ 49. Kg3 Qh1 50. a6 Qg1+ 51. Kf3 Qd1+
52. Kg2 Qd5+ 53. Kg3 Qe5+ 54. Kf3 Qd5+ 55. Qe4 Qd1+ 56. Kg2 Qd7 57. Qc4 Kg6 58.
Qe4+ Kg7 59. Kh3 1-0

[Event "Southend Easter op 64th"]
[Site "Southend-on-Sea"]
[Date "2022.04.17"]
[Round "5.5"]
[White "Hebbes, Tim"]
[Black "Haydon, David L"]
[Result "0-1"]
[WhiteElo "2049"]
[BlackElo "2282"]
[PlyCount "60"]
[EventDate "2022.04.15"]
[EventType "swiss"]
[EventRounds "7"]
[EventCountry "ENG"]

1. Nf3 d5 2. e3 Nf6 3. c4 e6 4. Nc3 c6 5. d4 Nbd7 6. Qc2 Bd6 7. b3 Qe7 8. Bd3
e5 9. cxd5 cxd5 10. dxe5 Nxe5 11. Bb5+ Bd7 12. Bxd7+ Qxd7 13. Nd4 Rc8 14. Bd2
Ne4 15. f3 Nxc3 16. Bxc3 Bb4 17. Ne2 Bxc3+ 18. Nxc3 d4 19. Qe4 O-O 20. Qxd4
Nd3+ 21. Kd2 Rfd8 22. Qxd7 Rxd7 23. Ne2 Nb4+ 24. Nd4 Rc2+ 25. Kd1 Rxg2 26. Rc1
g6 27. a3 Nd5 28. Re1 Nxe3+ 29. Rxe3 Rxd4+ 30. Ke1 Rg1+ 0-1

[Event "Southend Easter op 64th"]
[Site "Southend-on-Sea"]
[Date "2022.04.17"]
[Round "5.6"]
[White "Zapolskis, Antanas"]
[Black "Sedykh, Mikhail"]
[Result "1-0"]
[WhiteElo "2265"]
[BlackElo "2117"]
[PlyCount "141"]
[EventDate "2022.04.15"]
[EventType "swiss"]
[EventRounds "7"]
[EventCountry "ENG"]

1. e4 e6 2. d4 d5 3. Nd2 dxe4 4. Nxe4 Nd7 5. Bd3 Ngf6 6. Qe2 c5 7. Bg5 cxd4 8.
O-O-O a6 9. Nf3 Be7 10. Nxd4 Nxe4 11. Bxe7 Qxe7 12. Bxe4 O-O 13. Rhe1 Nf6 14.
Bf3 Qc7 15. g3 Bd7 16. Bg2 Rac8 17. f4 Rfd8 18. Qe5 Ba4 19. Qxc7 Rxc7 20. b3
Be8 21. Nf3 Rdc8 22. Rd2 Bc6 23. Red1 Kf8 24. Rd8+ Rxd8 25. Rxd8+ Ke7 26. Rd3
Be4 27. Rd2 Nd5 28. Ne1 Bxg2 29. Rxg2 h6 30. Kb2 g5 31. c4 Ne3 32. Re2 gxf4 33.
gxf4 Nf5 34. Nd3 h5 35. a4 h4 36. a5 Rc8 37. Rg2 Kd6 38. Kc3 Rd8 39. Rg5 f6 40.
Rg4 Rd7 41. Nf2 e5 42. Ne4+ Ke7 43. fxe5 fxe5 44. Rg5 Rd4 45. Rxf5 Rxe4 46. Rh5
Kd6 47. Rh6+ Kd7 48. Kb4 Re3 49. Rxh4 e4 50. Rh7+ Kc6 51. h4 Rh3 52. Rh6+ Kd7
53. h5 e3 54. Kc3 e2+ 55. Kd2 Re3 56. Ke1 Rxb3 57. Rb6 Rc3 58. Rxb7+ Kc6 59.
Rb6+ Kc5 60. Rxa6 Rxc4 61. Rg6 Kb5 62. a6 Rc2 63. h6 Rc7 64. Kxe2 Ra7 65. Kf3
Ka5 66. Kg4 Rf7 67. Rg7 Rf1 68. Rg5+ Kb6 69. h7 Rg1+ 70. Kf5 Rh1 71. Kg6 1-0

[Event "Southend Easter op 64th"]
[Site "Southend-on-Sea"]
[Date "2022.04.17"]
[Round "5.7"]
[White "Walker, Martin G"]
[Black "Willmoth, Robert F"]
[Result "1-0"]
[WhiteElo "2187"]
[BlackElo "2106"]
[PlyCount "85"]
[EventDate "2022.04.15"]
[EventType "swiss"]
[EventRounds "7"]
[EventCountry "ENG"]

1. e4 d6 2. d4 Nf6 3. Nc3 g6 4. f4 Bg7 5. Nf3 c5 6. Bb5+ Bd7 7. e5 Ng4 8. Bxd7+
Qxd7 9. d5 dxe5 10. h3 e4 11. Nxe4 Nf6 12. Nxf6+ Bxf6 13. O-O O-O 14. c4 Qc7
15. Qc2 Nd7 16. Be3 b5 17. Nd2 bxc4 18. Nxc4 Nb6 19. Rad1 Rfd8 20. Qe4 Nxc4 21.
Qxc4 Bxb2 22. Qxc5 Qd7 23. Rb1 Bf6 24. Rfd1 Qa4 25. Rd2 Rdc8 26. Qb5 Qe4 27.
Qd3 Qa4 28. Qb3 Qa5 29. Qb5 Qc7 30. Qa4 Qc3 31. Qe4 Qa3 32. Rbd1 Qd6 33. Rc2
Rxc2 34. Qxc2 Qa3 35. Rd3 Qa5 36. Qd2 Qb5 37. d6 exd6 38. Rxd6 Be7 39. Rd7 Bb4
40. Rd8+ Rxd8 41. Qxd8+ Kg7 42. Bd4+ f6 43. Qxf6+ 1-0